50 tables : (Record no. 13341)

MARC details
000 -CABECERA
campo de control de longitud fija 01081nam a2200313 4500
003 - IDENTIFICADOR DEL NÚMERO DE CONTROL
campo de control OSt
005 - FECHA Y HORA DE LA ÚLTIMA TRANSACCIÓN
campo de control 20260530115311.0
008 - DATOS DE LONGITUD FIJA--INFORMACIÓN GENERAL
campo de control de longitud fija 260504b1997 nyua|||| |||| 00| 0 eng d
020 ## - NÚMERO INTERNACIONAL ESTÁNDAR DEL LIBRO
Número Internacional Estándar del Libro 2880463114
040 ## - FUENTE DE LA CATALOGACIÓN
Centro catalogador/agencia de origen ICI
Lengua de catalogación spa
Centro/agencia transcriptor ICI
041 ## - CÓDIGO DE LENGUA
Código de lengua del texto/banda sonora o título independiente eng
050 #4 - SIGNATURA TOPOGRÁFICA DE LA BIBLIOTECA DEL CONGRESO
Número de clasificación NK2740
Número de documento/Ítem B93
100 1# - ENTRADA PRINCIPAL--NOMBRE DE PERSONA
Nombre de persona Byars, Mel,
Término indicativo de función/relación autor
245 10 - MENCIÓN DE TÍTULO
Título 50 tables :
Resto del título innovations in design and materials /
Mención de responsabilidad, etc. Mel Byars ; introd. by Sylvain Dubuisson ; research by Cinzia Anguissola d'Altoe, Brice d'Antras ; drawings by Marvin Klein
264 #1 - PRODUCCIÓN, PUBLICACIÓN, DISTRIBUCIÓN, FABRICACIÓN Y COPYRIGHT
Nombre del de productor, editor, distribuidor, fabricante Rotovision,
Fecha de producción, publicación, distribución, fabricación o copyright 1997
Producción, publicación, distribución, fabricación y copyright Switzerland :
300 ## - DESCRIPCIÓN FÍSICA
Extensión 159 páginas :
Otras características físicas ilustraciones
336 ## - TIPO DE CONTENIDO
Término de tipo de contenido texto
Fuente rdacontent
337 ## - TIPO DE MEDIO
Nombre/término del tipo de medio sin medio
Fuente rdamedia
338 ## - TIPO DE SOPORTE
Nombre/término del tipo de soporte volumen
Fuente rdacarrier
490 0# - MENCIÓN DE SERIE
Mención de serie Pre design series
650 #4 - PUNTO DE ACCESO ADICIONAL DE MATERIA--TÉRMINO DE MATERIA
Término de materia o nombre geográfico como elemento de entrada Mesas
Subdivisión general Diseño
9 (RLIN) 32775
650 #4 - PUNTO DE ACCESO ADICIONAL DE MATERIA--TÉRMINO DE MATERIA
Término de materia o nombre geográfico como elemento de entrada Mesas
Subdivisión general Diseño
9 (RLIN) 32775
650 #4 - PUNTO DE ACCESO ADICIONAL DE MATERIA--TÉRMINO DE MATERIA
Término de materia o nombre geográfico como elemento de entrada Diseño de muebles
700 1# - PUNTO DE ACCESO ADICIONAL--NOMBRE DE PERSONA
Nombre de persona Dubuisson, Sylvain,
Término indicativo de función/relación prologuista
9 (RLIN) 32777
700 1# - PUNTO DE ACCESO ADICIONAL--NOMBRE DE PERSONA
Nombre de persona D'Altoe, Cinzia Anguissola,
Término indicativo de función/relación colaborador
9 (RLIN) 32778
700 1# - PUNTO DE ACCESO ADICIONAL--NOMBRE DE PERSONA
Nombre de persona D'Antras, Brice,
Término indicativo de función/relación colaborador
9 (RLIN) 32779
700 1# - PUNTO DE ACCESO ADICIONAL--NOMBRE DE PERSONA
Nombre de persona Klein, Marvin,
Término indicativo de función/relación ilustrador
9 (RLIN) 32780
942 ## - ELEMENTOS DE PUNTO DE ACCESO ADICIONAL (KOHA)
Fuente del sistema de clasificación o colocación Library of Congress Classification
Tipo de ítem Koha
Suprimir en OPAC 1

No items available.